University libraries in Africa : (Record no. 100782)
[ view plain ]
| 000 -LEADER | |
|---|---|
| fixed length control field | 00664cam0a220018100 4500 |
| 005 - DATE AND TIME OF LATEST TRANSACTION | |
| control field | 20190819100329.0 |
| 008 - FIXED-LENGTH DATA ELEMENTS--GENERAL INFORMATION | |
| fixed length control field | 040408 |
| 020 ## - INTERNATIONAL STANDARD BOOK NUMBER | |
| International Standard Book Number | 0853020825 (vol. 1) |
| 035 ## - SYSTEM CONTROL NUMBER | |
| System control number | (Sirsi) a146749 |
| 050 #0 - LIBRARY OF CONGRESS CALL NUMBER | |
| Classification number | Z675.U5 |
| Item number | ROS 1997 |
| 100 0# - MAIN ENTRY--PERSONAL NAME | |
| Personal name | Rosenberg, Diana |
| Linkage | A115695.1 |
| 245 10 - TITLE STATEMENT | |
| Title | University libraries in Africa : |
| Remainder of title | a review of their current state and future potential / |
| Statement of responsibility, etc. | Diana Rosenberg. |
| 260 ## - PUBLICATION, DISTRIBUTION, ETC. | |
| Place of publication, distribution, etc. | London: |
| Name of publisher, distributor, etc. | International African Insitute, |
| Date of publication, distribution, etc. | 1997. |
| 350 ## - PRICE (NR) (BK AM CF MU VM SE) [OBSOLETE] | |
| Price | 25 |
| 500 ## - GENERAL NOTE | |
| General note | Volume one: summary |
| 504 ## - BIBLIOGRAPHY, ETC. NOTE | |
| Bibliography, etc. note | Includes bibliographical references |
| 650 #0 - SUBJECT ADDED ENTRY--TOPICAL TERM | |
| Topical term or geographic name entry element | Academic libraries -- Africa |
| Geographic subdivision | Academic libraries -- Africa |
| Linkage | S88111.1 |
No items available.